Steven universe Quiz Stats

 Plays Quiz not verified by Sporcle

Challenge
Share
Tweet
Embed
Score 0/10 Timer 10:00
2 Plays Today
Hint names % Correct
Red and gets mad easilyRuby
98.1%
White and is a try hardPearl
97.7%
Blue and is importantBlue Diamond
96.6%
Yellow and is importantYellow Diamond
96.4%
Green and is funnyPeridot
96.1%
Blue and has mood swingsLapis
95.8%
Light Blue and is usually very calmSapphire
94%
Orange and is meanJasper
92.6%
Peach colored and is adventurousSteven
87.3%
Pink and is mysteriousPink Diamond
83.5%

You're not logged in!

Compare scores with friends on all Sporcle quizzes.
Join for Free
OR
Log In

You Might Also Like...

Show Comments

Extras

Created Mar 15, 2017ReportNominate
Tags:char, steven, universe

Top Quizzes Today


Score Distribution

Your Account Isn't Verified!

In order to create a playlist on Sporcle, you need to verify the email address you used during registration. Go to your Sporcle Settings to finish the process.

Report this User

Report this user for behavior that violates our Community Guidelines.

Details: